Normal view
MARC view
- Leach richard
Entry Personal Name
001 - CONTROL NUMBER
- control field: 113251
003 - CONTROL NUMBER IDENTIFIER
- control field: NUST
005 - DATE AND TIME OF LATEST TRANSACTION
- control field: 20230623113758.0
008 - FIXED-LENGTH DATA ELEMENTS
- fixed length control field: 230623|| aca||aabn | a|a d
040 ## - CATALOGING SOURCE
- Original cataloging agency: NUST
- Transcribing agency: NUST
100 ## - HEADING--PERSONAL NAME
- Personal name: Leach richard
670 ## - SOURCE DATA FOUND
- Source citation: Work cat.: (NUST): Leach richard, Characterisation of areal surface texture, 2013
